Chemické inžinierstvo tabuľky a grafy

Bibliographic Details
Main Authors: Bafrncová, Soňa, 1940- (Author), Šefčíková, Milica, 1940- (Author), Vajda, Milan, 1939- (Author)
Format: Book
Language:Slovak
PhysicalDescription:115 s. grafy, tab. 29 cm
Published: V Bratislave Slovenská technická univerzita 2012
ISBN:9788022736879
Edition:2. vyd., 1. dotl.
Series:Edícia skrípt
Subjects:

MARC

LEADER 00000cam a2200000 a 4500
001 vtls010428718
003 SK-MaSNL
005 20260301085410.0
008 240318s2012 xo dl e p 000 0 slo
015 |a SNBA2012/07-03763 
020 |a 9788022736879  |q (brož.) 
035 |a 83C7F121-81E3-4760-84F3-F8C738DFF95B 
035 |a urn:nbn:sk:snk-amk0ct 
035 |a urn:nbn:sk:snk-am0087yj 
040 |a SNK  |b slo  |c SNK  |e AACR2 
041 0 |a slo 
044 |a xo  |c SK 
072 7 |a 66  |x Chemický priemysel. Chemická technológia  |2 konspekt 
080 |a 66.0  |2 2001 
080 |a (075.8)  |2 2001 
080 |a (083.4)  |2 2001 
080 |a (084.21)  |2 2001 
100 1 |a Bafrncová, Soňa,  |d 1940-  |4 aut  |9 38778 
245 1 0 |a Chemické inžinierstvo  |b tabuľky a grafy  |c Soňa Bafrncová, Milica Šefčíková, Milan Vajda 
250 |a 2. vyd., 1. dotl. 
260 |a V Bratislave  |b Slovenská technická univerzita  |c 2012 
300 |a 115 s.  |b grafy, tab.  |c 29 cm 
490 1 |a Edícia skrípt 
504 |a Bibliogr. s. 115. Zoz. použ. symbolov. Opr. 
650 0 7 |a chemické inžinierstvo  |2 SNKPH  |9 66908 
650 0 7 |a Chemical engineering  |2 SNKPHeng  |9 266373 
655 7 |a učebnice vysokých škôl  |2 SNKPH  |9 70191 
655 7 |a Textbooks (higher)  |2 SNKPHeng  |9 276436 
655 7 |a tabuľky  |2 SNKPH  |9 70234 
655 7 |a grafy  |2 SNKPH  |9 415427 
655 7 |a Tables  |2 SNKPHeng  |9 284428 
655 7 |a Charts, diagrams, etc.  |2 SNKPHeng  |9 415428 
700 1 |a Šefčíková, Milica,  |d 1940-  |4 aut  |9 133108 
700 1 |a Vajda, Milan,  |d 1939-  |4 aut  |9 133109 
752 |a Slovensko  |d Bratislava 
810 2 |a Slovenská technická univerzita v Bratislave.  |b Chemickotechnologická fakulta  |t Edícia skrípt  |9 283439 
919 |a 978-80-227-3687-9 
958 |a NB 
968 |d 66/69 
999 |c 665673  |d 667603 
952 |a SNK  |b SNK  |y PREZ  |7 0  |p 17A1017985  |o snkSB 82999  |i snk2012/11312  |8 0  |0 0  |1 0  |4 0  |d 2012-06-08  |f 1  |l 0  |r 2025-05-05 00:00:00  |w 2026-02-23 
952 |a SNK  |b SNK  |y VYP  |7 0  |p 17A1017984  |o snkSB 82999 D1  |i snk2012/11313  |8 0  |0 0  |1 0  |4 0  |d 2012-06-08  |l 0  |r 2016-06-30 00:00:00  |w 2026-02-23